000 00337nam a2200133Ia 4500
008 240624s9999 xx 000 0 und d
041 _aeng
082 _a004.6 MIL
100 _aMILLER MICHAEL A
245 _aDATA AND NETWORK COMMUNICATIONS
260 _c2004
_aSingapore
_bThomson Asia
300 _axiii, : 522 : cm. ; 24
365 _cRS
999 _c1961
_d1961